[Event "Concepcion Primera Categoria"]
[Site "Concepcion"]
[Date "2015.08.03"]
[Round "6"]
[White "Miranda Gatica, Claudio Adolfo"]
[Black "Gatica Navarrete, Joan"]
[Result "1-0"]
[WhiteElo "1675"]
[BlackElo "1697"]
[PlyCount "55"]
[EventDate "2015.07.20"]
[EventType "tourn"]
[EventRounds "9"]
[EventCountry "CHI"]
[SourceTitle "EXT 2024"]
[Source "ChessBase"]
[SourceDate "2023.10.10"]
[SourceVersion "1"]
[SourceVersionDate "2023.10.10"]
[SourceQuality "1"]

1. d4 Nf6 2. c4 e6 3. Nf3 Bb4+ 4. Bd2 Qe7 5. e3 b6 6. a3 Bxd2+ 7. Nbxd2 Bb7 8. Bd3 0-0 9. 0-0 d5 10. Ne5 Nbd7 11. Ndf3 dxc4 12. Nxc4 c5 13. Rc1 Rac8 14. Qe2 Nd5 15. Nce5 Nxe5 16. Nxe5 cxd4 17. exd4 Nf4 18. Qg4 Nxd3 19. Nxd3 Qd6 20. Rfd1 Rxc1 21. Nxc1 Rc8 22. Nd3 Rc2 23. h4 f5 24. Qf4 Qd5 25. f3 a5 26. b4 Rc4 27. Ne5 axb4 28. Nxc4 1-0